| Record ID | ia:capitalinterest0000bohm |
| Source | Internet Archive |
| Download MARC XML | https://archive.org/download/capitalinterest0000bohm/capitalinterest0000bohm_marc.xml |
| Download MARC binary | https://www.archive.org/download/capitalinterest0000bohm/capitalinterest0000bohm_meta.mrc |
LEADER: 00721cam 2200205g 4500
001 0116301048363
008 801012||||| ||| ||| |
010 $a58005555
035 $a(Sirsi) AAH-8407
035 $a22699651.C..
040 $aOPET$beng
090 0 $aHB 501 .B67 1959$bb
100 2 $aBöhm-Bawerk, Eugen von,$d1851-1914.
245 10 $aCapital and interest /$cTranslated by George D. Huncke and Hans F. Sennholz. --
260 $aSouth Holland, Ill. :$bLibertarian Press,$c[1959]
300 $a3 v. :$bill.
504 $aIncludes bibliography.
505 $aVol. 2: Translated by George D. Huncke; Hans F. Sennholz, consulting economist; v.3: Translated by Habs F. Sennholz.
650 0 $aCapital.
650 0 $aInterest.